| 000 | 01202nam0a22002891 4500 | ||
|---|---|---|---|
| 001 | v19\rc\1314550 | ||
| 005 | 20080717115356.8 | ||
| 035 | _a(NLR Aleph) 005207849 | ||
| 090 |
_a5377484 _c5377484 |
||
| 100 | _a20060512e19 1908|||y0rusy50 ca | ||
| 101 | 0 | _arus | |
| 102 | _aRU | ||
| 105 | _ay z ||||| | ||
| 200 | 1 |
_aРелигиозные идеи первобытного человека _e(По материалам, собранным среди племен северо-восточной Азии, главным образом среди чукоч) |
|
| 210 |
_a[Б.м.] _d[19--] |
||
| 215 | _a60-80 с. | ||
| 300 | _aБез тит. л. и обл. Описано по 1-й с. текста | ||
| 311 | _aИзвлеч. из "Землевед." 1908 г. Кн. I | ||
| 320 | _aБиблиография: в примечаниях | ||
| 488 | 0 | _12001#$aЗемлеведение$v1908, Кн. I | |
| 700 | 1 |
_aБогораз _bВ. Г. _f1865-1936 _gВладимир Германович _3RU\NLR\AUTH\7712679 _7ca |
|
| 801 | 0 |
_aRU _bNLR _c20060512 _gpsbo |
|
| 801 | 1 |
_aRU _bProSoft-M _c20060512 _2rusmarc |
|
| 801 | 2 |
_aRU _bNLR _c20080717 _2rusmarc |
|
| 852 |
_aNLR _jБб2280 |
||
| 942 | _cBOOK | ||
| 980 | _aNB | ||